Visualizzazione normale
Vista MARC
- Burattin Ernesto (et al.)
di Personal Name
Records bibliografici associati: 1
001 - CONTROL NUMBER
- control field: 62057
003 - CONTROL NUMBER IDENTIFIER
- control field:
005 - DATE AND TIME OF LATEST TRANSACTION
- control field: 20250409102704.0
008 - FIXED-LENGTH DATA ELEMENTS
- fixed length control field: 250409|| aca||aabn | a|a d
040 ## - CATALOGING SOURCE
- Original cataloging agency:
- Transcribing agency:
100 ## - HEADING--PERSONAL NAME
- Personal name: Burattin Ernesto (et al.)
670 ## - SOURCE DATA FOUND
- Source citation: Work cat.: ()210577: Burattin Ernesto (et al.), La risorsa longevità., 2008